000 00734nam a22001337a 4500
040 _cRUA
082 _aAVM CHH 2006 B076 Or.1
100 _aCHHIN, SOTHEARITH.
245 _aThe effect of EM (effective-mocroorganicism) supplementation in to drinking water with using hi-gro feed on growth rate of broiler chicken (avian), ឥទ្ធពលនៃការបន្ថែមEMក្នុងទឹកមាន់ផឹកទៅលើការលូតលាស់របសមមាន់សាច់ពូជAvian ដោយប្រ់ចំណី Hi-Gro
260 _aPhnom Penh
_bRUA
_c2006
300 _a44p.
_bill.
_c29cm.
856 _uhttps://drive.google.com/file/d/1JisMQMctFGlnUQID2dXDkOI7iWsJcr0-/view?usp=sharing
942 _cAVM
999 _c2150
_d2150